00521nam a2200085Ia 4500008004100000245004500041300026100086650001400347856007400361170517s9999 xx 000 0 und d aWhat Is Wrong With Islam Today? (Debate) aFor many years, the worldwide perception of Islam has become more confused and problematic than ever before. In the wake of radicalization and terrorist attacks, the customs and beliefs of the ancient religion have come under intense scrutiny. Defenders... xReligion. uhttp://topdocumentaryfilms.com/what-is-wrong-with-islam-today-debate/